000 00772nam a2200217 a 4500
001 BRCA_6068
005 20190320205324.0
008 120608s1995----mx-a---###---#000-0#spa-#
050 4 _aN910.M42
_b.P74 1995
100 1 _aPreciado Arellano, Gerardo
_915328
245 1 0 _aAnálisis y aplicación del diseño industrial en equipos interactivos dentro de un museo.
260 _aCiudad de México
_c1995
300 _a163 p.
_bil., diagramas
502 _aTesis Licenciatura (Licenciado en Diseño Industrial) Universidad Iberoamericana
650 1 4 _aMuseos
_vEquipo interactivo
_xDiseño
_915329
650 1 4 _aMuseos interactivos
_zMéxico
_915330
650 1 4 _aMuseografía
_915331
700 1 _aRivero Borrell, Héctor
_easesor
_92938
902 _aTES
942 _2lcc
_cTES
999 _c5755
_d5755